000 00430nam a2200109Ia 4500
008 200911s9999 xx 000 0 und d
020 _a978-971-9654-09-4
100 _aRodolfa Jr., Bernardo
245 _cBernardo Rodolfa Jr..--
_aManagement information system in tourism & hospitality industry /
260 _aManila :
_bUnlimited Books Library Services &Publishing Inc.
_c2015
300 _aviii , 137 pages :
_billustration ;
_c23 cm.
999 _c364203
_d364203